000 00421nam a2200181Ia 4500
005 20230320121150.0
008 131103s9999 xx 000 0 und d
040 _aLoreto College
041 _aEnglish
082 _a891.441
_bDUT
100 _aDutta, Satendranath
245 _aTirtha Salil
_cDutta, Satendra
260 _aKolkata
300 _a190p
650 _aBengali Poetry
850 _aLCLIB
942 _cBK
999 _c20668
_d71147